000 00786nam a2200253Ia 4500
003 OSt
005 20220923222722.0
006 a|||||r|||| 00| 0
007 ta
008 220922b |||||||| |||| 00| 0 hin d
024 _a207,188
037 _cTextual
040 _aARTS
_cARTS
_bhin
041 _2hin
_ahin
082 _aO152,6N278x, M8
100 _aराय, विवेकी
245 0 _aआम रास्ता नहीं है
246 _aĀm rāstā nahīan hai
260 _aदिल्ली
_b प्रभात प्रका0
_c1988
300 _a222पृ.
_ccm.
650 _aहिन्दी साहित्य
_9156264
942 _hO152,6N278x, M8
_cTEXL
_2CC
999 _c357807
_d357807